Neutralidad constructiva /
Nicaragua se encuentra en una profunda crisis: el país se encuentra paralizado, no se tiene confianza en los políticos, la coalición de la Unión Nacional Opositora (UNO) se encuentra dividida y en reiteradas ocasiones se ha retirado del diálogo, mientras que el Frente Sandinista de Liberación Nacion...
সংরক্ষণ করুন:
| প্রধান লেখক: | |
|---|---|
| বিন্যাস: | পাঠ্য |
| ভাষা: | Spanish |
| বিষয়গুলি: | |
| ট্যাগগুলো: |
ট্যাগ যুক্ত করুন
কোনো ট্যাগ নেই, প্রথমজন হিসাবে ট্যাগ করুন!
|
MARC
| LEADER | 00000 a a2200000 04500 | ||
|---|---|---|---|
| 001 | 12070 | ||
| 003 | cru CIDCACS/IIS | ||
| 005 | 20230123095206.0 | ||
| 008 | 230123b |||||||| |||| 00| 0 spa d | ||
| 040 | |c cru CIDCACS/IIS | ||
| 100 | 1 | |a Gorostiaga, Xavier | |
| 245 | 1 | |a Neutralidad constructiva / |c Xavier Gorostiaga | |
| 500 | |a Colección Centroamérica | ||
| 520 | |a Nicaragua se encuentra en una profunda crisis: el país se encuentra paralizado, no se tiene confianza en los políticos, la coalición de la Unión Nacional Opositora (UNO) se encuentra dividida y en reiteradas ocasiones se ha retirado del diálogo, mientras que el Frente Sandinista de Liberación Nacional enfrenta una crisis interna y necesita de un nuevo liderazgo capaz de ajustarse a los nuevos tiempos y, además, el gobierno es percibido como inefectivo e incapaz. Con dicho panorama los nicaragüenses se encuentran al borde de la desintegración social, de la violencia y del caos total. Pero se espera que la crisis brinde una oportunidad para que se cambien las políticas tanto en Nicaragua como a nivel internacional. Se enfatiza en la necesidad de una neutralidad constructiva de parte de Estados Unidos, que no apoye ninguna fracción interna en Nicaragua, sino el diálogo y las instituciones que luchan por la democratización. Es necesario que se brinde una oportunidad a la concertación social, que se busque salidas a la crisis mediante la negociación y no con las armas, como hasta la actualidad se ha hecho. A la vez se clama porque la población civil o un poder civil controle al poder militar, que se le limite su campo de acción únicamente de esta forma mejoraría la situación en Nicaragua. OB/LOB | ||
| 650 | |a NEUTRALIDAD | ||
| 650 | |a POLITICA EXTERIOR | ||
| 650 | |a RELACIONES INTERNACIONALES | ||
| 650 | |a ASPECTOS POLITICOS | ||
| 650 | |a PARTIDOS POLITICOS | ||
| 650 | |a IDEOLOGIAS | ||
| 650 | |a ESTRATEGIA DEL DESARROLLO | ||
| 650 | |a NEOLIBERALISMO | ||
| 650 | |a AJUSTE ESTRUCTURAL | ||
| 650 | |a POLITICA ECONOMICA | ||
| 651 | 0 | |9 1861 |a NICARAGUA | |
| 773 | |g número 109 -110; páginas 2-4 | ||
| 773 | 0 | |0 43109 |9 7803 |a Coordinadora Regional de Investigaciones Económicas y Sociales |d Managua, Nicaragua: CRIES, 1982- |o 22386 |t Pensamiento Propio / | |
| 942 | |2 ddc |c PP | ||
| 999 | |c 23089 |d 23089 | ||
